<?xml version="1.0" encoding="UTF-8"?><?xml-stylesheet type="text/xsl" href="static/style.xsl"?><OAI-PMH xmlns="http://www.openarchives.org/OAI/2.0/" xmlns:xsi="http://www.w3.org/2001/XMLSchema-instance" xsi:schemaLocation="http://www.openarchives.org/OAI/2.0/ http://www.openarchives.org/OAI/2.0/OAI-PMH.xsd"><responseDate>2026-04-13T03:59:34Z</responseDate><request verb="GetRecord" identifier="oai:www.recercat.cat:20.500.14342/4819" metadataPrefix="marc">https://recercat.cat/oai/request</request><GetRecord><record><header><identifier>oai:recercat.cat:20.500.14342/4819</identifier><datestamp>2025-03-11T04:08:00Z</datestamp><setSpec>com_2072_482405</setSpec><setSpec>com_2072_183628</setSpec><setSpec>col_2072_482415</setSpec></header><metadata><record xmlns="http://www.loc.gov/MARC21/slim" xmlns:dcterms="http://purl.org/dc/terms/" xmlns:xsi="http://www.w3.org/2001/XMLSchema-instance" xmlns:doc="http://www.lyncode.com/xoai" xsi:schemaLocation="http://www.loc.gov/MARC21/slim http://www.loc.gov/standards/marcxml/schema/MARC21slim.xsd">
   <leader>00925njm 22002777a 4500</leader>
   <datafield ind2=" " ind1=" " tag="042">
      <subfield code="a">dc</subfield>
   </datafield>
   <datafield ind2=" " ind1=" " tag="720">
      <subfield code="a">Rapetti, Carina Alejandra</subfield>
      <subfield code="e">author</subfield>
   </datafield>
   <datafield ind2=" " ind1=" " tag="720">
      <subfield code="a">Pique, Josep Miquel</subfield>
      <subfield code="e">author</subfield>
   </datafield>
   <datafield ind2=" " ind1=" " tag="720">
      <subfield code="a">PAREJA-EASTAWAY, MONTSERRAT</subfield>
      <subfield code="e">author</subfield>
   </datafield>
   <datafield ind2=" " ind1=" " tag="720">
      <subfield code="a">Grimaldi, Didier</subfield>
      <subfield code="e">author</subfield>
   </datafield>
   <datafield ind2=" " ind1=" " tag="260">
      <subfield code="c">2022-12</subfield>
   </datafield>
   <datafield ind2=" " ind1=" " tag="520">
      <subfield code="a">Innovation Districts are rising as the banners of the new urban, economic, and social paradigm and as a solution to the renaissance of inner cities since they expedite the creation&#xd;
and commercialization of new ideas which leverage the city goals and its technologic and economic attributes. The configuration of accurate indicators to measure the degree&#xd;
of achievement of the innovation district goals is one of the main requirements to ensure district proper development. Even when the study of innovation districts is a topic that&#xd;
is increasingly under study, little is still known about the insight, and it is still needed tools that favor their evolution and development. The aim of this paper is two-fold: on&#xd;
the one hand, it seeks to collect and analyze the indicators that have been used in literature to measure the degree of maturity over the course of the 20-year existence of the&#xd;
22@Barcelona, an area of innovation that transformed an old industrial district into a knowledge-based one. On the other hand, guided by the four dimensions of the Knowledge&#xd;
Base Urban Development theory and the main actors that make up Triple Helix approach, the paper designs a framework of indicators in the four spheres that shape the&#xd;
regeneration of the district, that is, urban, economic, social and governance. As we shall see, a total of 47 indicators are proposed, indicating for each of them: the environment&#xd;
in which it is applied, the main purpose to which it responds, and the main actor with the greatest power of action over it</subfield>
   </datafield>
   <datafield ind2=" " ind1=" " tag="520">
      <subfield code="a">Els districtes d'innovació estan augmentant com a abanderats del nou paradigma urbà, econòmic i social i com a solució al renaixement del centre de les ciutats ja que acceleren la creació i comercialització de noves idees que aprofiten els objectius de la ciutat i els seus atributs tecnològics i econòmics.  La configuració d'indicadors precisos per mesurar el grau d'assoliment dels objectius dels districtes d'innovació és un dels principals requisits per garantir el desenvolupament adequat del districte.  Fins i tot quan l'estudi dels districtes  d'innovació  és  un  tema  cada  vegada  més  estudiat,  encara  es  coneix  pocsobre  la  seva  execució,  i  calen    eines  que  analitzin  i  afavoreixin  la  seva  evolució  i desenvolupament.    L'objectiu  d'aquest  document  és  doble:  d'una  banda,  tracta  de  recollir  i analitzar  els  indicadors  que  s'hanutilitzat  en  la  literatura  per  mesurar  el  grau  de maduresa durant el transcurs dels 20 anys d'existència del 22@Barcelona, una àrea d'innovació que va transformar un antic districte industrial en un de coneixement. D'altra banda, guiat per les quatre dimensions de la teoria del Desenvolupament Urbàbasat en el Coneixement  i els principals actors que componen l'enfocament de la Triple Hèlix, l’article dissenya un marc d'indicadors en les quatre esferes que formen la regeneració del districte, és a dir, la urbana, econòmica, social i de governança. Com veurem, es proposen un total de 47 indicadors que indiquen per a cadascuna d'elles: l'entorn en el qual s'aplica, l'objectiu principal al qual respon, i l'actor principal amb el major poder d'acció sobre aquest tema.</subfield>
   </datafield>
   <datafield ind2=" " ind1=" " tag="520">
      <subfield code="a">Los distritos de innovación están aumentando, como abanderados del nuevo paradigma urbano, económico y social, y como solución al renacimiento del centro de las ciudades, ya que aceleran la creación y comercialización de nuevas ideas que aprovechan los objetivos de la Ciudad, y sus atributos económicos y tecnológicos. La configuración de indicadores precisos para medir el grado de desarrollo de los objetivos de los distritos de innovación es uno de los principales requisitos para garantizar el desarrollo adecuado del distrito. Incluso cuando el estudio de los distritos de innovación es un tema cada vez más estudiado, sabemos poco sobre su acción, y se precisan herramientas que analicen y favorezcan su evolución y desarrollo. El objetivo de este documento es doble: de un lado recoger y analizar los indicadores que se han utilizado en la literatura para medir el grado de madurez durante los últimos 20 años de existencia del 22@Barcelona, un área de innovación que transformó un antiguo distrito industrial en un polo de conocimiento. Por otro lado, y guiado por las cuatro dimensiones de la teoría del Desarrollo Urbano basado en el Conocimiento, y los principales actores que componen el enfoque de la Triple Hélix, el articulo diseña un marco de indicadores en las cuatro esferas que forman la regeneración del distrito, es decir: la urbana, la econòmica, la social, y la de la gobernanza. Como  veremos,  se  proponen  un  total  de  47  indicadores  que  indican,  para  cada  una  de  ellas:  el  entorno  en  el  que  se  aplica,  el objetivo  principal  al  que  responde,  y  el  actor principal con mayor poder de acción sobre este tema.</subfield>
   </datafield>
   <datafield ind1="8" ind2=" " tag="024">
      <subfield code="a">2385-7137</subfield>
   </datafield>
   <datafield ind1="8" ind2=" " tag="024">
      <subfield code="a">http://hdl.handle.net/20.500.14342/4819</subfield>
   </datafield>
   <datafield ind1="8" ind2=" " tag="024">
      <subfield code="a">https://doi.org/10.1344/jesb2022.2.j105</subfield>
   </datafield>
   <datafield tag="653" ind2=" " ind1=" ">
      <subfield code="a">Innovation District</subfield>
   </datafield>
   <datafield tag="653" ind2=" " ind1=" ">
      <subfield code="a">Indicator</subfield>
   </datafield>
   <datafield tag="653" ind2=" " ind1=" ">
      <subfield code="a">Triple Helix</subfield>
   </datafield>
   <datafield tag="653" ind2=" " ind1=" ">
      <subfield code="a">Knowledge Base Urban Development</subfield>
   </datafield>
   <datafield tag="653" ind2=" " ind1=" ">
      <subfield code="a">22@Barcelona</subfield>
   </datafield>
   <datafield tag="653" ind2=" " ind1=" ">
      <subfield code="a">Development</subfield>
   </datafield>
   <datafield tag="653" ind2=" " ind1=" ">
      <subfield code="a">Sustainability</subfield>
   </datafield>
   <datafield tag="653" ind2=" " ind1=" ">
      <subfield code="a">Evolution</subfield>
   </datafield>
   <datafield tag="653" ind2=" " ind1=" ">
      <subfield code="a">Districte d'Innovació</subfield>
   </datafield>
   <datafield tag="653" ind2=" " ind1=" ">
      <subfield code="a">Indicador</subfield>
   </datafield>
   <datafield tag="653" ind2=" " ind1=" ">
      <subfield code="a">Triple Hèlix</subfield>
   </datafield>
   <datafield tag="653" ind2=" " ind1=" ">
      <subfield code="a">Desenvolupament Urbà Basat en el Coneixement</subfield>
   </datafield>
   <datafield tag="653" ind2=" " ind1=" ">
      <subfield code="a">Desenvolupament</subfield>
   </datafield>
   <datafield tag="653" ind2=" " ind1=" ">
      <subfield code="a">Sostenibilitat</subfield>
   </datafield>
   <datafield tag="653" ind2=" " ind1=" ">
      <subfield code="a">Evolució</subfield>
   </datafield>
   <datafield ind2="0" ind1="0" tag="245">
      <subfield code="a">Measuring the development of innovations districts through performance indicators: 22@Barcelona Case</subfield>
   </datafield>
</record></metadata></record></GetRecord></OAI-PMH>